Payment of gratuity act 1972 (Record no. 594)

MARC details
000 -LEADER
fixed length control field 00344nam a22001457a 4500
005 - DATE AND TIME OF LATEST TRANSACTION
control field 20180412152209.0
008 - FIXED-LENGTH DATA ELEMENTS--GENERAL INFORMATION
fixed length control field 160511b xxu||||| |||| 00| 0 eng d
041 ## - LANGUAGE CODE
Language code of text/sound track or separate title eng
082 ## - DEWEY DECIMAL CLASSIFICATION NUMBER
Item number 1335
Classification number 348
100 ## - MAIN ENTRY--AUTHOR NAME
Personal name Shukla TN
245 ## - TITLE STATEMENT
Title Payment of gratuity act 1972
260 ## - PUBLICATION, DISTRIBUTION, ETC. (IMPRINT)
Name of publisher Kamal law house
Year of publication 2009
650 ## - SUBJECT ADDED ENTRY--TOPICAL TERM
Topical Term Management
942 ## - ADDED ENTRY ELEMENTS (KOHA)
Koha item type Books
Holdings
Lost status Damaged status Home library Shelving location Date acquired Cost, normal purchase price Full call number Accession Number Koha item type
    JRU Library Shelf - 9 - N 11/05/2016 100.00 348 1335 Books